Movies Quiz

Random Movies or Role Quiz

'Rocky Horror' Characters by Other Roles Quiz Stats

 Plays Quiz not verified by Sporcle

Score 0/12 Timer 04:00
0 Plays Today
% Correct
Tim Curry in
The Three Musketeers
87.5%
Susan Sarandon in
Thelma and Louise
82.5%
Peter Hinwood in
The Ballad of Tam-Lin
82.3%
Jeremy Newson in
Shock Treatment
78.6%
Meat Loaf in
Fight Club
75.9%
Charles Gray in
Diamonds Are Forever
74.2%
Patricia Quinn in
Shock Treatment
71.6%
Richard O'Brien in
Shock Treatment
71.3%
Hilary Farr (née Labow) in
Never Mind the Quality,
Feel the Width
69.8%
Barry Bostwick in
Moby Dick
67.6%
Nell Campbell in
Shock Treatment
65.2%
Jonathan Adams in
Jesus of Nazareth
42.7%

You're not logged in!

Compare scores with friends on all Sporcle quizzes.
OR
Log In

Sporcle TV

Today on Sporcle TV


Watch our educational content, quiz creation guides, and fun videos on Sporcle TV.

Show Comments

Extras

Top Quizzes Today


Score Distribution

Your Account Isn't Verified!

In order to create a playlist on Sporcle, you need to verify the email address you used during registration. Go to your Sporcle Settings to finish the process.

Report this User

Report this user for behavior that violates our Community Guidelines.

Details: